000 00586nam a22001937a 4500
001 BD-DhSAU 3677
003 BD-DhSAU
005 20150209093520.0
008 150209b1998 bg a|||| |||| 00| 0 eng d
040 _aBD-DhSAU
082 _222
_a631.40725492
_bSOI
245 _aSoil research and education in bangladesh /
_cEdited by Nur Mohammad Talukder and M. Jahiruddin
260 _aMymenshing :
_bZaman printers ,
_cc1998.
300 _a76 p.:
_bill. ;
_c25 cm.
590 _aIMRAN
650 _aSoil science
_zBangladesh
700 _a Talukder, Nur Mohammad
700 _aJahiruddin, M.
942 _2ddc
_cBOOK
999 _c3677
_d3677